NLSUI OPAC header image

The flaming feet and other essays : (Record no. 116151)

MARC details
000 -LEADER
fixed length control field 01645cam a2200409 a 4500
001 - CONTROL NUMBER
control field 16549764
003 - CONTROL NUMBER IDENTIFIER
control field OSt
005 - DATE AND TIME OF LATEST TRANSACTION
control field 20200613130454.0
008 - FIXED-LENGTH DATA ELEMENTS--GENERAL INFORMATION
fixed length control field 101001s2010 ii b 001 0 eng d
010 ## - LIBRARY OF CONGRESS CONTROL NUMBER
LC control number 2010347338
020 ## - INTERNATIONAL STANDARD BOOK NUMBER
International Standard Book Number 9788178242767
020 ## - INTERNATIONAL STANDARD BOOK NUMBER
International Standard Book Number 8178242761
025 ## - OVERSEAS ACQUISITION NUMBER
Overseas acquisition number I-E-2010-347338; 68-92; 63-92; 69-92
035 ## - SYSTEM CONTROL NUMBER
System control number (OCoLC)ocn672225882
035 ## - SYSTEM CONTROL NUMBER
System control number (OCoLC)672225882
037 ## - SOURCE OF ACQUISITION
Stock number Library of Congress -- New Delhi Overseas Office
040 ## - CATALOGING SOURCE
Original cataloging agency DKAGE
Language of cataloging eng
Transcribing agency DKAGE
Modifying agency DLC
042 ## - AUTHENTICATION CODE
Authentication code lccopycat
-- lcode
043 ## - GEOGRAPHIC AREA CODE
Geographic area code a-ii---
050 00 - LIBRARY OF CONGRESS CALL NUMBER
Classification number DS422.C3
Item number N25 2010
082 04 - DEWEY DECIMAL CLASSIFICATION NUMBER
Classification number 305.560954 NAG
Edition number 22
100 1# - MAIN ENTRY--PERSONAL NAME
Personal name Nāgarāj, Ḍi. Ār.
Fuller form of name (Doḍḍabaḷḷāpura Rāmayya),
Dates associated with a name 1954-1998.
245 14 - TITLE STATEMENT
Title The flaming feet and other essays :
Remainder of title The dalit movement in India /
Statement of responsibility, etc. D.R. Nagaraj ; edited by Prithvi Datta Chandra Shobhi and with a foreword by Ashis Nandy.
250 ## - EDITION STATEMENT
Edition statement Rev. and enl. 2nd ed.
260 ## - PUBLICATION, DISTRIBUTION, ETC.
Place of publication, distribution, etc. Ranikhet :
Name of publisher, distributor, etc. Permanent Black ;
Place of publication, distribution, etc. Bangalore :
Name of publisher, distributor, etc. Distributed by Orient Blackswan,
Date of publication, distribution, etc. 2010.
300 ## - PHYSICAL DESCRIPTION
Extent xxviii, 254 p. ;
Dimensions 23 cm.
504 ## - BIBLIOGRAPHY, ETC. NOTE
Bibliography, etc. note Includes bibliographical references (p. [244]-250) and index.
520 ## - SUMMARY, ETC.
Summary, etc. Chiefly with reference to Karnataka, India.
650 #0 - SUBJECT ADDED ENTRY--TOPICAL TERM
Topical term or geographic name entry element Dalits
General subdivision Political activity
Geographic subdivision India
-- Karnataka.
650 #0 - SUBJECT ADDED ENTRY--TOPICAL TERM
Topical term or geographic name entry element Kannada literature
General subdivision Dalit authors
-- History and criticism.
651 #0 - SUBJECT ADDED ENTRY--GEOGRAPHIC NAME
Geographic name Karnataka (India)
General subdivision Social conditions.
651 #0 - SUBJECT ADDED ENTRY--GEOGRAPHIC NAME
Geographic name Karnataka (India)
General subdivision Politics and government.
700 1# - ADDED ENTRY--PERSONAL NAME
Personal name Shobhi, Prithvi Datta Chandra.
906 ## - LOCAL DATA ELEMENT F, LDF (RLIN)
a 7
b cbc
c copycat
d 3
e ncip
f 20
g y-gencatlg
942 ## - ADDED ENTRY ELEMENTS (KOHA)
Source of classification or shelving scheme Dewey Decimal Classification
Koha item type CSSEIP Office Library Collection
Holdings
Withdrawn status Lost status Source of classification or shelving scheme Materials specified (bound volume or other part) Damaged status Not for loan Home library Current library Shelving location Date acquired Total Checkouts Full call number Barcode Date last seen Price effective from Koha item type Public note
    Dewey Decimal Classification HB     . . CSSEIP Office Library - Ambedkar Studies Books 13.06.2020   305.560954 NAG AMB037 13.06.2020 13.06.2020 CSSEIP Office Library Collection Available in CSSEIP Department Library